000 004830000a22001690004500
041 0 _aSPA
082 0 4 _aG 296 A6732p
100 1 _aArchila P., Rogelio
245 1 0 _aPueblo en marcha : La herencia, la lucha y el destino de la nación hebrea / Rogelio Archilla P.
260 _aSan José, Costa Rica : Caribe
300 _a194 Pag
001 8998
942 _cBK
999 _c39088
_d39088
336 _atexto
_btxt
_2rdacontent
337 _2rdamedia
_asin mediación
_bn
338 _2rdacarrier
_avolumen
_bnc